PSG - OM : Les joueurs passés par les 2 clubs - Statistiques

Statistiques générales
  • Ce quiz a été pris 325 fois
  • Le résultat moyen est 8 sur 33
Statistiques - réponses
Année au PSG Année à L'OM Nationalité Joueur % Correct
2012 - 2019 2024 - actuel France Adrien Rabiot
92%
2018 - 2019 2015 - 2017 France Lassana Diarra
66%
2001 - 2004 2009 - 2011 Argentine Gabriel Heinze
59%
1992 - 1995 2000 - 2001 Libéria Georges Weah
56%
2016 - 2018 2008 - 2010 France Hatem Ben Arfa
56%
2001 - 2004 2004 - 2005 France Fabrice Fiorèse
40%
2000 - 2005 2005 - 2009 Albanie Lorik Cana
39%
2000 - 2004 2004 - 2005 France Frédéric Déhu
36%
2008 - 2011 1997 - 1998 France Claude Makélélé
30%
2003 - 2006 2006 - 2009 Cameroun Modeste M'Bami
25%
1997 - 2007 2009 - 2011 France Edouard Cissé
24%
1992 - 1999 / 2002 - 2003 2000 - 2002 France Jérôme Leroy
23%
2007 - 2013 2004 - 2005 France Peguy Luyindula
22%
2007 - 2013 2000 - 2002 France Zoumana Camara
21%
2001 - 2008 1995 - 1997 France Jérôme Alonzo
18%
1989 - 1996 1998 - 1999 France Daniel Bravo
17%
1992 - 1998 1989 - 1990 France Alain Roche
15%
2000 - 2001 1998 - 2000 France Peter Luccin
15%
2000 1999 - 2000 France Stéphane Dalmat
15%
1997 - 1998 1998 - 2001 France Florian Maurice
14%
1991 - 1998 1990 - 1991 France Laurent Fournier
14%
1992 - 1996 1999 - 2003 Algérie Djamel Belmadi
13%
1991 - 1996 1997 - 1999 France Patrick Colleter
12%
1990 - 1991 1991 - 1994 France Jocelyn Angloma
11%
1991 - 1993 1994 - 1995 France Bruno Germain
10%
1999 - 2001 2009 - 2011 France Fabrice Abriel
10%
1993 - 1996 / 1999 - 2000 1996 - 1998 France Xavier Gravelaine
10%
2002 - 2003 2001 - 2002 Brésil André Luiz
9%
1995 - 1998 2000 - 2002 France Bruno N'Gotty
8%
1999 - 2003 1999 Guinée Kaba Diawara
6%
1991 - 1992 1990 - 1991 France Bernard Pardo
5%
1997 - 1998 1999 - 2001 France Cyrille Pouget
5%
1994 - 1996 2001 - 2002 France Pascal Nouma
5%
Aucun quiz correspondant
Distribution des résultats
% des personnes avec chaque résultat
Percentile par nombre de réponses
Votre historique - résultats
Vous n’avez pas pris ce quiz